000 01408nam a2200325 a 4500
001 00000216
003 DO-SdBNP
005 20160407112859.0
007 00000216
008 150130s2012 dr ac 000 0 spa d
020 _a9789945174106
040 _aBPMSU
_bspa
_cBPMSU
092 _a372.7
_bM425e, 4to. 2012
245 0 0 _aMatemática 4 :
_beducación básica /
_ccoordinación editorial Anna Rogero Soler; dirección editorial Doris Arroba Jácome
260 _aSanto Domingo :
_bSM,
_c2012.
300 _a199 p. :
_bil., retrs. ;
_c29 cm.
490 1 _aProyecto Sé
505 1 _gunidad 1 --
_tAdicción y sustracción con números naturales --
_gunidad 2 --
_tMultiplicación y división --
_gunidad 3 --
_tTeoría de números. Potenciación --
_gunidad 4 --
_tLas fracciones y sus operaciones --
_gunidad 5 --
_tLos decimales y sus operaciones --
_gunidad 6 --
_tGeometría --
_gunidad 7 --
_tLa medición --
_gunidad 8 --
_tEstadística y variación --
650 _aMATEMÁTICAS
_xENSEÑANZA BÁSICA
650 _aMATEMÁTICAS
_xENSEÑANZA ELEMENTAL
650 _aEDUCACIÓN PRIMARIA
_zREPÚBLICA DOMINICANA
650 _aMATEMÁTICAS
_xESTUDIO Y EJERCICIOS
650 _aMATEMÁTICAS
_xLIBROS DE TEXTOS
700 1 _eRogero Soler, Anna
700 1 _aArroba Jácome, Doris
_eed.
830 0 _aProyecto Sé
910 _aValidado. Control de calidad MFF
942 _2ddc
_cBK
956 _aYLOCKWARD
_b10
999 _c9480
_d9480